Statistics for National Teams in FIFA 2001

Click here to take the quiz!

General Stats

  • This quiz has been taken 12 times
  • The average score is 44 of 70

Answer Stats

Answer% Correct
Argentina
100%
Brazil
100%
England
100%
Germany
100%
Japan
100%
Mexico
100%
Netherlands
100%
Australia
91%
Austria
91%
Chile
91%
France
91%
Peru
91%
Russia
91%
Scotland
91%
Spain
91%
USA
91%
Wales
91%
Bolivia
82%
Canada
82%
China
82%
Denmark
82%
Finland
82%
Ireland
82%
Italy
82%
New Zealand
82%
Norway
82%
South Africa
82%
Sweden
82%
Switzerland
82%
Croatia
73%
Czech Republic
73%
Egypt
73%
Hungary
73%
Iraq
73%
Northern Ireland
73%
Paraguay
73%
Saudi Arabia
73%
Slovakia
73%
Tunisia
73%
Algeria
64%
Bulgaria
64%
Cameroon
64%
Colombia
64%
Greece
55%
Poland
55%
Romania
55%
Slovenia
55%
Turkey
55%
Estonia
45%
Iceland
45%
Israel
45%
Jamaica
45%
Yugoslavia
45%
Ghana
36%
Latvia
36%
Lithuania
36%
Qatar
36%
United Arab Emirates
36%
Cyprus
27%
Bahrain
18%
Jordan
18%
Kuwait
18%
Liechtenstein
18%
Luxembourg
18%
Lebanon
9%
Mauritius
9%
Singapore
9%
Thailand
9%
Hong Kong
0%
Taiwan
0%

Score Distribution

Percentile by Number Answered

Percent of People with Each Score

Your Score History

You have not taken this quiz